00338pab a2200133 454500008004000000100002100040245004000061260000900101300001500110362001100125650002100136650001300157773003400170180718b2005 xxu||||| |||| 00| 0 eng d aAcharya, Shankar aThirty years of tax reform in India c2005 ap.2061-70. a14 May aTaxation - India aTaxation aEconomic and Political Weekly